00382 2200157 4500001002100000005001500021035002000036245004100056100001600097250001200113300002500125260003400150082000800184084001400192020001800206INLIS00000000000105120250814085848 a0010-08250000251 atitip salam untuk dia /cwahyu qolbu0 aabdul halim apertama a144 hlm :bilustrasi ajakarta :bwahyu qolbu,c2018 a813 a813 ABD t a9786026358745